000 00600nam a2200193Ia 4500
008 210303s9999 xx 000 0 und d
016 _2reto2022b
040 _aNLN
_bEnglish
050 _aPT2177
_b.W54
082 _a831.6
100 _aWILKINSON, Elizabeth Mary
_eaut
_941379
245 0 _aGoethe, poet and thinker :
_bessays
_cElizabeth M. Wilkinson and L.A. Willoughby
260 _aNew York :
_bBarnes & Noble,
_c1963, c1962
300 _a248p.
_b; 22cm
563 _a(pbk)
650 _aGoethe, Johann Wolfgang von, 1749-1832.
_959907
700 _a Willoughby, L.A.
_ectb
_959908
942 _cBK
999 _c20543
_d20543